000
00286nam a2200109Ia 4500
008
171211s9999 xx 000 0 und d
245
_a
Texas Hold'em For Dummies
245
_c
Mark Harlan
260
_c
2006
650
_x
GAMBLING
856
_u
http://down.ebook777.com/043/047004604X.pdf
999
_c
348988
_d
348988